[Event "Russiarapid"]
[Site "?"]
[Date "2016.10.03"]
[Round "10.18"]
[White "Usmanov, Vasily"]
[Black "Bocharov, Dmitry"]
[Result "1-0"]
[LiveChessVersion "1.4.4"]
[BlackElo "2612"]
[WhiteElo "2443"]

1. d4 {[%clk 0:15:19]} d6 {[%clk 0:15:01]} 2. Nf3 {[%clk 0:15:21]} g6
{[%clk 0:15:09]} 3. c4 {[%clk 0:15:06]} Bg7 {[%clk 0:15:16]} 4. Nc3
{[%clk 0:15:11]} e5 {[%clk 0:15:06]} 5. dxe5 {[%clk 0:15:13]} dxe5
{[%clk 0:15:13]} 6. Qxd8+ {[%clk 0:15:18]} Kxd8 {[%clk 0:15:21]} 7. Bd2
{[%clk 0:15:17]} Be6 {[%clk 0:15:24]} 8. e3 {[%clk 0:15:05]} f6 {[%clk 0:15:25]}
9. O-O-O {[%clk 0:15:11]} Nd7 {[%clk 0:15:28]} 10. h3 {[%clk 0:15:18]} Nh6
{[%clk 0:15:09]} 11. g4 {[%clk 0:15:26]} Nf7 {[%clk 0:15:17]} 12. Ne4
{[%clk 0:15:18]} c6 {[%clk 0:15:11]} 13. Ba5+ {[%clk 0:15:22]} Kc8
{[%clk 0:14:47]} 14. Be2 {[%clk 0:14:06]} Re8 {[%clk 0:14:47]} 15. Rd2
{[%clk 0:13:25]} b6 {[%clk 0:14:20]} 16. Bb4 {[%clk 0:13:00]} Kc7
{[%clk 0:13:31]} 17. Rhd1 {[%clk 0:11:44]} Rad8 {[%clk 0:13:02]} 18. b3
{[%clk 0:11:39]} Bf8 {[%clk 0:12:09]} 19. Bc3 {[%clk 0:10:24]} Be7
{[%clk 0:12:12]} 20. Rg1 {[%clk 0:08:16]} a5 {[%clk 0:11:47]} 21. Kb2
{[%clk 0:06:21]} Rg8 {[%clk 0:11:53]} 22. h4 {[%clk 0:05:57]} h6 {[%clk 0:10:46]}
23. Rdd1 {[%clk 0:04:28]} f5 {[%clk 0:08:46]} 24. gxf5 {[%clk 0:04:35]} gxf5
{[%clk 0:08:54]} 25. Ng3 {[%clk 0:04:30]} Bf6 {[%clk 0:08:56]} 26. e4
{[%clk 0:03:04]} f4 {[%clk 0:08:58]} 27. Nh5 {[%clk 0:03:09]} Bh8
{[%clk 0:09:00]} 28. Nh2 {[%clk 0:02:41]} Nf6 {[%clk 0:06:16]} 29. Rxd8
{[%clk 0:02:14]} Kxd8 {[%clk 0:05:52]} 30. Rxg8+ {[%clk 0:01:57]} Nxg8
{[%clk 0:06:00]} 31. Bg4 {[%clk 0:01:47]} Ke7 {[%clk 0:05:21]} 32. c5
{[%clk 0:01:54]} bxc5 {[%clk 0:05:22]} 33. Bxa5 {[%clk 0:02:02]} Nd6
{[%clk 0:05:30]} 34. f3 {[%clk 0:01:58]} c4 {[%clk 0:04:40]} 35. Bb4
{[%clk 0:01:43]} cxb3 {[%clk 0:04:37]} 36. a4 {[%clk 0:01:44]} Bc4
{[%clk 0:03:56]} 37. Bf5 {[%clk 0:01:26]} Bf7 {[%clk 0:03:29]} 38. a5
{[%clk 0:01:26]} c5 {[%clk 0:02:43]} 39. Bxc5 {[%clk 0:01:07]} Bxh5
{[%clk 0:02:50]} 40. a6 {[%clk 0:01:15]} Be8 {[%clk 0:02:45]} 41. Kxb3
{[%clk 0:00:41]} Bc6 {[%clk 0:02:34]} 42. Kb4 {[%clk 0:00:50]} Nf6
{[%clk 0:02:16]} 43. Ng4 {[%clk 0:00:59]} Nd7 {[%clk 0:01:14]} 44. Nxh6
{[%clk 0:01:07]} Nb8 {[%clk 0:00:19]} 45. Bxd6+ {[%clk 0:00:17]} Kxd6
{[%clk 0:00:18]} 46. Nf7+ {[%clk 0:00:25]} Ke7 {[%clk 0:00:18]} 47. a7
{[%clk 0:00:29]} Na6+ {[%clk 0:00:27]} 48. Ka5 {[%clk 0:00:38]} Kxf7
{[%clk 0:00:22]} 49. Kxa6 {[%clk 0:00:47]} 1-0

[Event "Russiarapid"]
[Site "?"]
[Date "2016.10.03"]
[Round "10.19"]
[White "Afanasiev, Nikita"]
[Black "Timofeev, Artyom"]
[Result "0-1"]
[LiveChessVersion "1.4.4"]
[BlackElo "2566"]
[WhiteElo "2422"]

1. d4 {[%clk 0:15:18]} Nf6 {[%clk 0:15:18]} 2. Bg5 {[%clk 0:15:24]} e6
{[%clk 0:15:25]} 3. e3 {[%clk 0:15:29]} c5 {[%clk 0:15:22]} 4. c3
{[%clk 0:15:33]} h6 {[%clk 0:15:22]} 5. Bh4 {[%clk 0:15:29]} b6 {[%clk 0:15:28]}
6. Nf3 {[%clk 0:15:36]} Bb7 {[%clk 0:15:36]} 7. Nbd2 {[%clk 0:15:44]} Be7
{[%clk 0:15:28]} 8. h3 {[%clk 0:15:41]} cxd4 {[%clk 0:15:24]} 9. exd4
{[%clk 0:15:44]} d6 {[%clk 0:15:27]} 10. Bg3 {[%clk 0:15:37]} O-O
{[%clk 0:15:02]} 11. Bc4 {[%clk 0:15:21]} d5 {[%clk 0:14:39]} 12. Bd3
{[%clk 0:15:29]} Ne4 {[%clk 0:14:43]} 13. Bh2 {[%clk 0:15:36]} Bd6
{[%clk 0:14:42]} 14. Ne5 {[%clk 0:14:50]} f6 {[%clk 0:14:47]} 15. Nef3
{[%clk 0:14:39]} Bxh2 {[%clk 0:14:25]} 16. Nxh2 {[%clk 0:14:49]} Nd7
{[%clk 0:14:31]} 17. O-O {[%clk 0:13:17]} e5 {[%clk 0:14:21]} 18. Nhf3
{[%clk 0:12:51]} Nxd2 {[%clk 0:14:26]} 19. Nxd2 {[%clk 0:12:54]} e4
{[%clk 0:14:32]} 20. Be2 {[%clk 0:11:23]} f5 {[%clk 0:14:38]} 21. f4
{[%clk 0:11:31]} Rf6 {[%clk 0:14:22]} 22. Qe1 {[%clk 0:11:14]} Nf8
{[%clk 0:14:26]} 23. Qg3 {[%clk 0:09:45]} Ne6 {[%clk 0:14:28]} 24. h4
{[%clk 0:09:50]} Qd6 {[%clk 0:14:18]} 25. h5 {[%clk 0:09:43]} Kh7
{[%clk 0:14:25]} 26. Qe3 {[%clk 0:08:38]} a5 {[%clk 0:13:28]} 27. a4
{[%clk 0:07:46]} Ba6 {[%clk 0:13:28]} 28. Bxa6 {[%clk 0:07:43]} Rxa6
{[%clk 0:13:37]} 29. Rf2 {[%clk 0:07:30]} Ra8 {[%clk 0:13:43]} 30. Nf1
{[%clk 0:04:38]} Rg8 {[%clk 0:12:35]} 31. Ng3 {[%clk 0:04:39]} Rb8
{[%clk 0:12:19]} 32. Ne2 {[%clk 0:03:08]} b5 {[%clk 0:12:04]} 33. axb5
{[%clk 0:03:13]} Rxb5 {[%clk 0:12:12]} 34. Ra2 {[%clk 0:03:21]} Qb6
{[%clk 0:12:13]} 35. Ng3 {[%clk 0:02:44]} Nc7 {[%clk 0:12:05]} 36. Nf1
{[%clk 0:02:47]} Ne8 {[%clk 0:11:50]} 37. Qh3 {[%clk 0:02:56]} Nd6
{[%clk 0:10:58]} 38. Ne3 {[%clk 0:03:04]} Qb7 {[%clk 0:11:01]} 39. g3
{[%clk 0:03:02]} Nc4 {[%clk 0:10:28]} 40. Nxc4 {[%clk 0:02:39]} dxc4
{[%clk 0:10:37]} 41. Re2 {[%clk 0:02:45]} a4 {[%clk 0:10:15]} 42. Qg2
{[%clk 0:02:51]} Rfb6 {[%clk 0:10:16]} 43. g4 {[%clk 0:02:37]} fxg4
{[%clk 0:08:43]} 44. Qxg4 {[%clk 0:02:25]} Qf7 {[%clk 0:08:09]} 45. Rxa4
{[%clk 0:01:58]} Rxh5 {[%clk 0:07:29]} 46. Rg2 {[%clk 0:01:37]} Rhb5
{[%clk 0:07:22]} 47. f5 {[%clk 0:01:04]} Rxf5 {[%clk 0:07:09]} 48. Qxe4
{[%clk 0:00:57]} Re6 {[%clk 0:07:02]} 49. Qc2 {[%clk 0:00:45]} Re1+
{[%clk 0:06:58]} 0-1

[Event "Russiarapid"]
[Site "?"]
[Date "2016.10.03"]
[Round "10.20"]
[White "Gurvich, Vitaly"]
[Black "Pridorozhni, Aleksei"]
[Result "0-1"]
[LiveChessVersion "1.4.4"]
[BlackElo "2628"]
[WhiteElo "2351"]

1. d4 {[%clk 0:15:19]} d6 {[%clk 0:15:19]} 2. Nf3 {[%clk 0:15:27]} Bg4
{[%clk 0:15:27]} 3. c4 {[%clk 0:15:34]} Nd7 {[%clk 0:15:35]} 4. Qb3
{[%clk 0:15:42]} Rb8 {[%clk 0:15:44]} 5. Be3 {[%clk 0:15:50]} c6 {[%clk 0:15:51]}
6. Nbd2 {[%clk 0:15:58]} Qa5 {[%clk 0:15:42]} 7. g3 {[%clk 0:15:50]} Ngf6
{[%clk 0:15:38]} 8. Bg2 {[%clk 0:15:58]} e6 {[%clk 0:14:54]} 9. O-O
{[%clk 0:16:03]} Be7 {[%clk 0:15:00]} 10. h3 {[%clk 0:16:03]} Bh5
{[%clk 0:15:04]} 11. g4 {[%clk 0:14:48]} Bg6 {[%clk 0:15:12]} 12. Nh4
{[%clk 0:14:50]} Nxg4 {[%clk 0:10:52]} 13. Nxg6 {[%clk 0:14:58]} Nxe3
{[%clk 0:11:01]} 14. Nxh8 {[%clk 0:14:51]} Nxg2 {[%clk 0:11:08]} 15. Qf3
{[%clk 0:14:10]} Qxd2 {[%clk 0:09:01]} 16. Qxf7+ {[%clk 0:14:08]} Kd8
{[%clk 0:09:10]} 17. Kxg2 {[%clk 0:13:47]} Qg5+ {[%clk 0:09:07]} 18. Kh1
{[%clk 0:13:54]} Qh6 {[%clk 0:07:59]} 19. Qf3 {[%clk 0:13:35]} Qf6
{[%clk 0:07:17]} 20. Rg1 {[%clk 0:12:57]} Qxf3+ {[%clk 0:07:16]} 21. exf3
{[%clk 0:13:06]} Bf6 {[%clk 0:07:25]} 22. Nf7+ {[%clk 0:13:13]} Ke7
{[%clk 0:07:32]} 23. Ng5 {[%clk 0:13:22]} Bxd4 {[%clk 0:07:31]} 24. Rad1
{[%clk 0:12:43]} Bxb2 {[%clk 0:05:43]} 25. Rge1 {[%clk 0:11:37]} Nc5
{[%clk 0:05:10]} 26. Nxh7 {[%clk 0:11:36]} Rh8 {[%clk 0:04:45]} 27. Ng5
{[%clk 0:11:45]} Bf6 {[%clk 0:04:52]} 28. Ne4 {[%clk 0:11:53]} Nxe4
{[%clk 0:04:50]} 29. Rxe4 {[%clk 0:11:57]} Rxh3+ {[%clk 0:04:29]} 30. Kg2
{[%clk 0:12:06]} Rh5 {[%clk 0:04:37]} 31. Rb1 {[%clk 0:10:56]} b6
{[%clk 0:04:38]} 32. c5 {[%clk 0:11:01]} Rxc5 {[%clk 0:03:35]} 33. Ra4
{[%clk 0:11:09]} a5 {[%clk 0:03:43]} 34. Rxb6 {[%clk 0:11:17]} d5
{[%clk 0:03:52]} 35. Ra6 {[%clk 0:10:56]} Bc3 {[%clk 0:03:59]} 36. Ra3
{[%clk 0:11:05]} Kd6 {[%clk 0:03:56]} 37. Rb3 {[%clk 0:11:10]} Bd4
{[%clk 0:02:44]} 38. Rd3 {[%clk 0:10:37]} Bc3 {[%clk 0:02:50]} 39. f4
{[%clk 0:10:33]} Rc4 {[%clk 0:02:56]} 40. Kf3 {[%clk 0:10:42]} a4
{[%clk 0:03:00]} 41. Ra8 {[%clk 0:10:10]} Bb2 {[%clk 0:02:59]} 42. Rg8
{[%clk 0:09:16]} a3 {[%clk 0:02:38]} 43. Rd8+ {[%clk 0:07:04]} Ke7
{[%clk 0:02:36]} 44. Rc8 {[%clk 0:07:05]} Bc1 {[%clk 0:02:19]} 45. Rc7+
{[%clk 0:07:12]} Kf6 {[%clk 0:02:11]} 46. Kg2 {[%clk 0:06:54]} Bxf4
{[%clk 0:00:46]} 47. Rf3 {[%clk 0:07:00]} g5 {[%clk 0:00:51]} 48. Ra7
{[%clk 0:07:07]} d4 {[%clk 0:00:57]} 49. Rfxa3 {[%clk 0:06:34]} Rc2
{[%clk 0:01:03]} 50. Kf3 {[%clk 0:06:37]} Kf5 {[%clk 0:00:51]} 51. Rf7+
{[%clk 0:06:43]} Ke5 {[%clk 0:00:59]} 52. Ra5+ {[%clk 0:06:16]} c5
{[%clk 0:01:07]} 53. Rd7 {[%clk 0:06:15]} Rc3+ {[%clk 0:01:10]} 54. Ke2
{[%clk 0:06:11]} Ke4 {[%clk 0:01:09]} 55. f3+ {[%clk 0:04:59]} Rxf3
{[%clk 0:01:16]} 56. Rxc5 {[%clk 0:05:05]} Ra3 {[%clk 0:01:19]} 57. Rc4
{[%clk 0:04:37]} Rxa2+ {[%clk 0:01:26]} 58. Kf1 {[%clk 0:04:46]} e5
{[%clk 0:01:32]} 0-1